ਖਿਤ੍ਤਿਜ ਤੋਂ ਪਾਰ / (Record no. 109749)

MARC details
000 -LEADER
fixed length control field 01040nam a22002537a 4500
005 - DATE AND TIME OF LATEST TRANSACTION
control field 20170123164142.0
010 ## - LIBRARY OF CONGRESS CONTROL NUMBER
LC control number B-231533
020 ## - INTERNATIONAL STANDARD BOOK NUMBER
Terms of availability 120.00
International Standard Book Number 8176472085
035 ## - SYSTEM CONTROL NUMBER
System control number B-231533
037 ## - SOURCE OF ACQUISITION
Source of stock number/acquisition Cen Lib / Ret
040 ## - CATALOGING SOURCE
Original cataloging agency DPL
Language of cataloging PN
082 ## - DEWEY DECIMAL CLASSIFICATION NUMBER
Classification number
Item number ਟਿਵਾਨਾ
100 ## - MAIN ENTRY--PERSONAL NAME
Personal name ਟਿਵਾਨਾ , ਦਲੀਪ ਕੌਰ
9 (RLIN) 117844
245 ## - TITLE STATEMENT
Title ਖਿਤ੍ਤਿਜ ਤੋਂ ਪਾਰ /
Statement of responsibility, etc ਦਲੀਪ ਕੌਰ ਟਿਵਾਨਾ
246 ## - VARYING FORM OF TITLE
Title proper/short title Khittij ton paar : A Novel /
Remainder of title by Dalip Kaur Tiwana
260 ## - PUBLICATION, DISTRIBUTION, ETC. (IMPRINT)
Place of publication, distribution, etc ਲੁਧਿਨਾ
Name of publisher, distributor, etc ਲਾਹੋਰੇ ਬੂਕ ਸ਼ਾਪ
Date of publication, distribution, etc 2007
270 ## - ADDRESS
Address ਲਾਜਪਤ ਰਾਇ ਮਾਰਕੇਟ, ਨਾਰ ਸੋਕਿਏਟੀ ਸਿਨੇਮਾ
City ਲੁਧਿਆਣਾ
300 ## - PHYSICAL DESCRIPTION
Extent 133p.
Dimensions 21cm(Hb)
650 ## - SUBJECT ADDED ENTRY--TOPICAL TERM
Topical term or geographic name as entry element ਪੰਜਾਬੀ ਸਾਹਿਤ
9 (RLIN) 117845
650 ## - SUBJECT ADDED ENTRY--TOPICAL TERM
Topical term or geographic name as entry element ਪੰਜਾਬੀ ਸਾਹਿਤ- ਨਾਵਲ
9 (RLIN) 117846
650 ## - SUBJECT ADDED ENTRY--TOPICAL TERM
Topical term or geographic name as entry element Punjabi Literature
9 (RLIN) 781
650 ## - SUBJECT ADDED ENTRY--TOPICAL TERM
Topical term or geographic name as entry element Punjabi Literature-Novel
9 (RLIN) 1580
942 ## - ADDED ENTRY ELEMENTS (KOHA)
Source of classification or shelving scheme Dewey Decimal Classification
Koha item type Punjabi Bks
Classification part
Call number suffix ਟਿਵਾਨਾ
Holdings
Withdrawn status Lost status Damaged status Not for loan Home library Current library Date acquired Source of acquisition Cost, normal purchase price Total Checkouts Total Renewals Full call number Barcode Date last seen Date checked out Copy number Cost, replacement price Price effective from Koha item type
        Central Library Central Library 04/01/2016 Cen Lib/Ret 120.00 1 1 ਓ ਟਿਵਾਨਾ B-231533 28/09/2024 06/09/2024 1 120.00 04/01/2016 Punjabi Bks

© Delhi Public Library
Hit Counter
free hit counter